| 000 | 00427nam a2200157Ia 4500 | ||
|---|---|---|---|
| 005 | 20250407095056.0 | ||
| 008 | 231217s9999 xx 000 0 und d | ||
| 020 | _a9788131414064 | ||
| 082 | _a001.6424 PRA;1 R | ||
| 100 | _aPramod Rao Zodgekar, Sameer A ed. | ||
| 245 | 0 | _aVirtual reality : concepts and applications | |
| 260 |
_c2008 _bICFAI _aHyderabad |
||
| 300 | _aix+221 | ||
| 650 | _avirtual,reality | ||
| 942 | _cAA | ||
| 999 |
_c191847 _d191847 |
||